Introduction to the Special Issue: Ayahuasca, Plant-Based Spirituality, and the Future of Amazonia
| Main Author: | |
|---|---|
| Format: | Electronic Article |
| Language: | English |
| Check availability: | HBZ Gateway |
| Interlibrary Loan: | Interlibrary Loan for the Fachinformationsdienste (Specialized Information Services in Germany) |
| Published: |
[2016]
|
| In: |
Anthropology of consciousness
Year: 2016, Volume: 27, Issue: 2, Pages: 113-120 |
| Further subjects: | B
indigenous culture
B Ayahuasca B Conservation B Amazonia B entheogens |
| Online Access: |
Volltext (Publisher) Volltext (doi) |
MARC
| LEADER | 00000naa a22000002c 4500 | ||
|---|---|---|---|
| 001 | 1588141276 | ||
| 003 | DE-627 | ||
| 005 | 20190226160456.0 | ||
| 007 | cr uuu---uuuuu | ||
| 008 | 190226s2016 xx |||||o 00| ||eng c | ||
| 024 | 7 | |a 10.1111/anoc.12059 |2 doi | |
| 035 | |a (DE-627)1588141276 | ||
| 035 | |a (DE-576)518141276 | ||
| 035 | |a (DE-599)BSZ518141276 | ||
| 040 | |a DE-627 |b ger |c DE-627 |e rda | ||
| 041 | |a eng | ||
| 084 | |a 0 |2 ssgn | ||
| 100 | 1 | |a Callicott, Christina |e VerfasserIn |4 aut | |
| 245 | 1 | 0 | |a Introduction to the Special Issue |b Ayahuasca, Plant-Based Spirituality, and the Future of Amazonia |c Christina Callicott |
| 264 | 1 | |c [2016] | |
| 336 | |a Text |b txt |2 rdacontent | ||
| 337 | |a Computermedien |b c |2 rdamedia | ||
| 338 | |a Online-Ressource |b cr |2 rdacarrier | ||
| 601 | |a Special | ||
| 601 | |a Ayahuasca | ||
| 601 | |a Spiritual | ||
| 601 | |a Amazonia | ||
| 650 | 4 | |a Amazonia | |
| 650 | 4 | |a Ayahuasca | |
| 650 | 4 | |a Conservation | |
| 650 | 4 | |a entheogens | |
| 650 | 4 | |a indigenous culture | |
| 773 | 0 | 8 | |i Enthalten in |t Anthropology of consciousness |d Arlington, Va. : American Anthropological Association, 1990 |g 27(2016), 2, Seite 113-120 |h Online-Ressource |w (DE-627)503328081 |w (DE-600)2210406-9 |w (DE-576)276272692 |x 1556-3537 |7 nnas |
| 773 | 1 | 8 | |g volume:27 |g year:2016 |g number:2 |g pages:113-120 |
| 856 | 4 | 0 | |u https://anthrosource.onlinelibrary.wiley.com/doi/abs/10.1111/anoc.12059 |x Verlag |3 Volltext |7 1 |
| 856 | |u https://doi.org/10.1111/anoc.12059 |x doi |3 Volltext | ||
| 951 | |a AR | ||
| ELC | |a 1 | ||
| ITA | |a 1 |t 1 | ||
| LOK | |0 000 xxxxxcx a22 zn 4500 | ||
| LOK | |0 001 3056785960 | ||
| LOK | |0 003 DE-627 | ||
| LOK | |0 004 1588141276 | ||
| LOK | |0 005 20190226160456 | ||
| LOK | |0 008 190226||||||||||||||||ger||||||| | ||
| LOK | |0 040 |a DE-Tue135 |c DE-627 |d DE-Tue135 | ||
| LOK | |0 092 |o n | ||
| LOK | |0 852 |a DE-Tue135 | ||
| LOK | |0 852 1 |9 00 | ||
| LOK | |0 935 |a ixzs |a ixzo | ||
| LOK | |0 939 |a 26-02-19 |b l01 | ||
| ORI | |a SA-MARC-ixtheoa001.raw | ||
| REL | |a 1 | ||
| STA | 0 | 0 | |a Ayahuasca |
| STB | 0 | 0 | |a Ayahuasca |
| STC | 0 | 0 | |a Ayahuasca |
| STD | 0 | 0 | |a Ayahuasca |
| STF | 0 | 0 | |a 死藤水 |
| STG | 0 | 0 | |a Ayahuasca |
| STH | 0 | 0 | |a Аяуаска |
| STI | 0 | 0 | |a Αγιαχουάσκα |
| SUB | |a REL | ||
| SYE | 0 | 0 | |a Ayahuaska,Yage,Yaje |



